000 02657nam a2200517 c 4500
999 _c149711
_d149711
003 BLK
005 20241029153920.0
008 180410b bul|||||r ||||||| ||bul||
010 _aKNG00156011000
020 _a978-954-26-1124-0
040 _aBLK
041 _aBUL
_cBUL
072 7 _2bullib
_aН17
_xЕтика Н
080 _aЕтика на бизнеса. Успех
_b174.4
_z174.4
080 _aСоциално поведение. Девиантно поведение. Социална патология. Активност и пасивност, конвенционално поведение, мотивация, потребности, стремежи
_b316.62
_z316.62
080 _aИндивидуална психология. Психология на личността. Индивидуалност. Психология на характера. Характерология. Психологическа типология
_b159.923
_z159.923
100 1 _aПатерсън, Кери
_eпърви автор
_9324895
139 _aПромяната винаги е възможна
_bП 91
245 1 0 _aПромяната винаги е възможна
_bНовата наука за постигане на личен успех
_cКери Патерсън; прев. от англ. Ангелин Димитров Мичев; * Джоузеф Грени; * Дейвид Максфийлд; * Рон МакМълън; * Ал Суицлър.
257 _aUSA
260 _bХермес
_c2012
_fХасково : Полиграфюг
300 _a271 с.
_bс ил., портр.
_c21 см
380 _a1
490 1 _aПсихология за всеки ден
500 _aОриг. загл. Change Anything. - Азб. показалец. - Библиогр. с. 251-261.
650 4 _aУспех
_9174913
650 4 _aПоведение
_9166567
650 4 _aЛичност - психология
_9243160
653 _aбизнес етикет
653 _aпсихология на личността
653 _aсоциална психология
653 _aуспех
659 _aН
700 1 _aМичев, Ангелин Димитров
_998175
700 1 _aГрени, Джоузеф
_e*
_955968
700 1 _aМаксфийлд, Дейвид
_e*
_991473
700 1 _aМакМълън, Рон
_e*
_9330629
700 1 _aСуицлър, Ал
_e*
_9126740
852 _aЦб 263117
856 4 _qpdf
856 4 _qpdf
942 _cKNG
_n0
_016
944 _aCR
_c24.01.2014
_lГеновева Генчева
_k30560
944 _aED
_c25.09.2014
_lф /
999 _d149711